000
00280nam a2200109 a 4500
005
20140414131939.0
008
110125s19uu xx 00 eng d
050
_a
TR 372.7
_b
R25 2003
100
_a
Reesink, Carole
245
_a
40 Easy-to-make math manipulatives.
999
_c
112544
_d
112544